Strategic communication : (ბიბ.ჩანაწერი № 57855)
[ მარტივი ფორმატი ]
| 000 -LEADER | |
|---|---|
| fixed length control field | 00977cam a2200253 a 4500 |
| 001 - CONTROL NUMBER | |
| control field | 16602859 |
| 003 - CONTROL NUMBER IDENTIFIER | |
| control field | Ge_BSU |
| 005 - DATE AND TIME OF LATEST TRANSACTION | |
| control field | 20210317173337.0 |
| 008 - FIXED-LENGTH DATA ELEMENTS--GENERAL INFORMATION | |
| fixed length control field | 110107s2011 cau b 001 0 eng |
| 020 ## - INTERNATIONAL STANDARD BOOK NUMBER | |
| International Standard Book Number | 9780313386404 (hard copy : alk. paper) |
| 041 ## - LANGUAGE CODE | |
| Language code of text/sound track or separate title | eng |
| 080 ## - UNIVERSAL DECIMAL CLASSIFICATION NUMBER | |
| Universal Decimal Classification number | 327.51 P-33 |
| 100 1# - MAIN ENTRY--PERSONAL NAME | |
| Personal name | Paul, Christopher. |
| 9 (RLIN) | 10530 |
| 245 10 - TITLE STATEMENT | |
| Title | Strategic communication : |
| Remainder of title | origins, concepts, and current debates / |
| Statement of responsibility, etc. | Christopher Paul. |
| 264 ## - PRODUCTION, PUBLICATION, DISTRIBUTION, MANUFACTURE, AND COPYRIGHT NOTICE | |
| Place of production, publication, distribution, manufacture | Santa Barbara, CA : |
| Name of producer, publisher, distributor, manufacturer | Praeger, |
| Date of production, publication, distribution, manufacture, or copyright notice | 2011. |
| 300 ## - PHYSICAL DESCRIPTION | |
| Extent | 240 p. ; |
| Dimensions | 25 cm. |
| 490 0# - SERIES STATEMENT | |
| Series statement | Contemporary military, strategic, and security issues |
| 504 ## - BIBLIOGRAPHY, ETC. NOTE | |
| Bibliography, etc. note | bibliogr. p. [217]-229) and index. |
| 650 #0 - SUBJECT ADDED ENTRY--TOPICAL TERM | |
| Topical term or geographic name entry element | Communication policy |
| Geographic subdivision | United States. |
| 9 (RLIN) | 10531 |
| 650 #0 - SUBJECT ADDED ENTRY--TOPICAL TERM | |
| Topical term or geographic name entry element | Communication, International. |
| 9 (RLIN) | 10532 |
| 653 ## - INDEX TERM--UNCONTROLLED | |
| keyword | სტრატეგიული კომუნიკაცია |
| 653 ## - INDEX TERM--UNCONTROLLED | |
| keyword | წარმოშობა, კონცეფციები და მიმდინარეობა |
| 942 ## - ADDED ENTRY ELEMENTS (KOHA) | |
| Source of classification or shelving scheme | |
| Koha item type | წიგნი |
| Withdrawn status | Lost status | Source of classification or shelving scheme | Damaged status | Not for loan | Permanent Location | Current Location | Shelving location | Date acquired | Cost, normal purchase price | Full call number | Barcode | Date last seen | Copy number | Price effective from | Koha item type | Public note |
|---|---|---|---|---|---|---|---|---|---|---|---|---|---|---|---|---|
| ბათუმის შოთა რუსთაველის სახელმწიფო უნივერსიტეტის მთავარი ბიბლიოთეკა | ბათუმის შოთა რუსთაველის სახელმწიფო უნივერსიტეტის მთავარი ბიბლიოთეკა | წიგნსაცავი | 2021-03-17 | 12.00 | 327.51 P-33 | 61227 | 2021-03-17 | 61227 | 2021-03-17 | წიგნი | 12 ლ. | |||||
| ბათუმის შოთა რუსთაველის სახელმწიფო უნივერსიტეტის მთავარი ბიბლიოთეკა | ბათუმის შოთა რუსთაველის სახელმწიფო უნივერსიტეტის მთავარი ბიბლიოთეკა | წიგნსაცავი | 2021-03-17 | 12.00 | 327.51 P-33 | 61228 | 2021-03-17 | 61228 | 2021-03-17 | წიგნი | 12 ლ. | |||||
| ბათუმის შოთა რუსთაველის სახელმწიფო უნივერსიტეტის მთავარი ბიბლიოთეკა | ბათუმის შოთა რუსთაველის სახელმწიფო უნივერსიტეტის მთავარი ბიბლიოთეკა | წიგნსაცავი | 2021-03-17 | 12.00 | 327.51 P-33 | 61229 | 2021-03-17 | 61229 | 2021-03-17 | წიგნი | 12 ლ. | |||||
| ბათუმის შოთა რუსთაველის სახელმწიფო უნივერსიტეტის მთავარი ბიბლიოთეკა | ბათუმის შოთა რუსთაველის სახელმწიფო უნივერსიტეტის მთავარი ბიბლიოთეკა | წიგნსაცავი | 2021-03-17 | 12.00 | 327.51 P-33 | 61230 | 2021-03-17 | 61230 | 2021-03-17 | წიგნი | 12 ლ. | |||||
| ბათუმის შოთა რუსთაველის სახელმწიფო უნივერსიტეტის მთავარი ბიბლიოთეკა | ბათუმის შოთა რუსთაველის სახელმწიფო უნივერსიტეტის მთავარი ბიბლიოთეკა | წიგნსაცავი | 2021-03-17 | 12.00 | 327.51 P-33 | 61231 | 2021-03-17 | 61231 | 2021-03-17 | წიგნი | 12 ლ. | |||||
| ბათუმის შოთა რუსთაველის სახელმწიფო უნივერსიტეტის მთავარი ბიბლიოთეკა | ბათუმის შოთა რუსთაველის სახელმწიფო უნივერსიტეტის მთავარი ბიბლიოთეკა | წიგნსაცავი | 2021-03-17 | 12.00 | 327.51 P-33 | 61232 | 2021-03-17 | 61232 | 2021-03-17 | წიგნი | 12 ლ. | |||||
| ბათუმის შოთა რუსთაველის სახელმწიფო უნივერსიტეტის მთავარი ბიბლიოთეკა | ბათუმის შოთა რუსთაველის სახელმწიფო უნივერსიტეტის მთავარი ბიბლიოთეკა | წიგნსაცავი | 2021-03-17 | 12.00 | 327.51 P-33 | 61233 | 2021-03-17 | 61233 | 2021-03-17 | წიგნი | 12 ლ. | |||||
| ბათუმის შოთა რუსთაველის სახელმწიფო უნივერსიტეტის მთავარი ბიბლიოთეკა | ბათუმის შოთა რუსთაველის სახელმწიფო უნივერსიტეტის მთავარი ბიბლიოთეკა | წიგნსაცავი | 2021-03-17 | 12.00 | 327.51 P-33 | 61234 | 2021-03-17 | 61234 | 2021-03-17 | წიგნი | 12 ლ. | |||||
| ბათუმის შოთა რუსთაველის სახელმწიფო უნივერსიტეტის მთავარი ბიბლიოთეკა | ბათუმის შოთა რუსთაველის სახელმწიფო უნივერსიტეტის მთავარი ბიბლიოთეკა | წიგნსაცავი | 2021-03-17 | 12.00 | 327.51 P-33 | 61235 | 2021-03-17 | 61235 | 2021-03-17 | წიგნი | 12 ლ. |
